000 00258nam a22001217a 4500
008 180925b xxu||||| |||| 00| 0 eng d
041 _aeng
080 _a501
100 _a7
101 _aZOO
245 _aVertebrate Dissection
_cWalker
942 _2udc
_cBK
999 _c48446
_d48446